| 000 | 00800nam a2200265 4500 | ||
|---|---|---|---|
| 008 | |||
| 090 |
_aNA4140 _bMcM. |
||
| 100 | 1 | 0 | _aMcGrath, Raymond. |
| 245 | 1 | 0 |
_aGlass in architecture and decoration / _cRaymond McGrath and A. C. Frost. |
| 250 | _aNew ed. rev. | ||
| 260 | 0 |
_aLondon : _bArchitectural Press _c1961. |
|
| 300 |
_a712 p. _bill., plates (part col.) diagrs. _c32 cm. |
||
| 500 | _aIncludes index. | ||
| 504 | _aIncludes bibliographical refernces. | ||
| 650 | 0 | _aGlass. | |
| 650 | 0 | _aGlass construction. | |
| 650 | 0 | _aGlass, Ornamental. | |
| 700 | 1 | 0 | _aFrost, Albert Childerstone. |
| 907 |
_a.b10191045 _b07-01-13 _c08-02-06 |
||
| 003 | |||
| 005 | 20230120131029.0 | ||
| 040 | _cNUST | ||
| 049 | _aMAIN | ||
| 942 |
_cBOOKS _kNA4140 _mMcM. |
||
| 999 |
_c95602 _d95602 |
||